České pohádky snadné skladbičky pro 2 ruce /

Hlavní autor: Páleníček, Josef, 1914-1991
Další autoři: Hoffmeister, Karel, 1868-1952
Jazyk: Nelze použít, není lingvistický obsah
Vydáno: Praha : Státní nakladatelství krásné literatury, hudby a umění, 1953
Fyzický popis: 17 s.
Hudebniny Hudebniny
Uloženo v:
LEADER 00822ncm a22002172a 4500
001 001111396
003 CZ BrMZK
005 20100823174538.0
007 qu
008 000105s1953 xr f zxx d
040 |a BOA001  |b cze 
072 7 |a 786  |x Hudba pro klávesové nástroje  |2 Konspekt  |9 9 
100 1 |a Páleníček, Josef,  |d 1914-1991  |7 jk01091574  |4 cmp 
245 1 0 |a České pohádky  |h [hudebnina] :  |b snadné skladbičky pro 2 ruce /  |c Josef Páleníček ; revid. K. Hoffmeister 
260 |a Praha :  |b Státní nakladatelství krásné literatury, hudby a umění,  |c 1953 
300 |a 17 s. 
700 1 |a Hoffmeister, Karel,  |d 1868-1952  |7 jk01041532  |4 edt 
910 |a BOA001  |b Mus4-0276.213 
990 |a MU 
991 |b 201008 
996 6 |b 2619543808  |c Mus4-0276.213  |l MZK  |r Sklad / do 1 hodiny  |n 0  |w 001138913  |u 000010  |a 1  |e BOA001  |j MZK50  |s P